| 000 | 00642nam a2200193 a 4500 | ||
|---|---|---|---|
| 003 | PILC | ||
| 005 | 20150112093437.0 | ||
| 008 | 100722s19uu xx 00 eng d | ||
| 020 | _a0748710000 | ||
| 050 |
_aHF 5351 _b.W592 1995 |
||
| 082 |
_aMnSF 658.402 _bW58 1989 |
||
| 100 |
_aWhitehead, Geoffrey _916821 |
||
| 245 |
_aOrganisation and admInistration for business / _cGeoffrey Whitehead |
||
| 260 |
_aTottenham Court Road, London : _bHutchinson Education, _c1995. |
||
| 300 |
_a296 pages : _billustration ; _c24 cm. |
||
| 440 |
_aBusiness and Marketing Series _916822 |
||
| 650 |
_aBusiness firms. Organisation _916823 |
||
| 942 |
_2lcc _cBK |
||
| 999 |
_c14630 _d14630 |
||